000
00252nam a22000977a 4500
999
_c
11823
_d
11823
008
200225b ||||| |||| 00| 0 eng d
020
_a
0871974525
100
_a
Theodorou Rod
_9
7500
245
_a
Triceratops Had Horns
260
_a
Italy
_b
South Western
_c
1997